Các quy định của pháp luật về tin học và công nghệ thông tin

Bewaard in:
Bibliografische gegevens
Formaat: Boek
Taal:Vietnamese
Gepubliceerd in: Lao động 2001
Tags: Voeg label toe
Geen labels, Wees de eerste die dit record labelt!
Thư viện lưu trữ: Mạng thư viện Đại học Đà Nẵng
LEADER 00663nam a2200241 4500
001 000020567
003 17013
005 20150323100312.0
008 150323s2001 viesd
020 |c 33000 
041 0 |a vie 
082 1 4 |a 343  |b Qu-Đ 
245 1 0 |a Các quy định của pháp luật về tin học và công nghệ thông tin  |c Nguyễn Nam Trung (sưu tầm và tuyển chọn) 
260 |b Lao động  |c 2001 
300 |a tr.  |c cm. 
OWN |a LSP 
999 |a From the UDN01 
TYP |a Monograph 
TYP |a Printed language 
980 |a Mạng thư viện Đại học Đà Nẵng